01325 a2200205 45000010006000000050017000060080041000230030015000640400040000790800104001192450035002232500012002582640028002703000023002985050721003210410008010421000023010507000022010737000024010954204020260407155711.0260407a1965 arg spa dAR-UNSa-BCEJYS aAR-UNSa-BCEJYSbspacAR-UNSa-BCEJYS a330.1xCiencia económica. Conceptos fundamentales de teoría económica. Valor. Capital. Fondos10aManual de teoría económica a2a. ed. 1aMadrid :bAguilarc1965 axx, 525 p.c22 cm. a1. Demanda y oferta - 2. La demanda del consumidor - 3. Análisis de las curvas de indiferencia - 4. El equilibrio del consumidor con más de dos bienes - 5. El equilibrio de la empresa - 6. Industria competitiva - 7. Equilibrio competitivo - 8. Monopolio - 9. Competencia monopolística - 10. Las leyes de los rendimientos - 11. La productividad marginal - 12. Salarios - 13. La renta - 14. Interés - 15. Beneficios - 16. Interrelaciones entre los factores de producción - 17. El equilibrio general y el empleo - 18. Dinero - 19. La teoría del empleo - 20. El consumo - 21. La inversión - 22. El tipo de interés - 23. Resumen de la teoría Keynesiana del empleo - 24. Keynes y la economía clásica  aspa1 aStonier, Alfred W.1 aHague, Douglas C.1 aLeblanc Dasi, Oscar